Annunciare Cristo con Maria (Record n. 104242)

Dettagli MARC
000 -LEADER
fixed length control field 00861nam a22001577a 4500
003 - CONTROL NUMBER IDENTIFIER
control field IT-RoPau
005 - DATE AND TIME OF LATEST TRANSACTION
control field 20220918181219.0
008 - FIXED-LENGTH DATA ELEMENTS--GENERAL INFORMATION
fixed length control field 140315b xxu||||| |||| 00| 0 eng d
040 ## - CATALOGING SOURCE
Transcribing agency IT-RoPau
100 ## - MAIN ENTRY--PERSONAL NAME
Personal name Istituto Santa Famiglia
9 (RLIN) 16753
245 ## - TITLE STATEMENT
Title Annunciare Cristo con Maria
260 ## - PUBLICATION, DISTRIBUTION, ETC. (IMPRINT)
Name of publisher, distributor, etc. Istituto Santa Famiglia
Date of publication, distribution, etc. 2011
300 ## - PHYSICAL DESCRIPTION
Extent 8 pp.
Dimensions 21 cm
520 ## - SUMMARY, ETC.
Summary, etc. Indice<br/><br/>Canto di esposizione<br/>saluto<br/>Acclamazione alla SS. Trinità<br/><br/>Il Rosario, "compendio del Vangelo"<br/>Lettura biblica<br/>Consacrazione a Maria<br/>Silenzio<br/><br/>Il Rosario: percorso di annuncio<br/>Misteri della luce<br/>1° mistero - Il Battesimo di Gesù<br/>2° mistero - Gesù si rivela a Cana<br/>3° mistero - Annuncio del Regno di Dio<br/>4° mistero - La Trasfigurazione di Gesù<br/>5° mistero - L'istituzione dell'Eucarestia<br/><br/>Messaggio finale<br/>Litanie in canto<br/>Canto eucaristico<br/>Canto finale<br/>
942 ## - ADDED ENTRY ELEMENTS (KOHA)
Source of classification or shelving scheme Dewey Decimal Classification
Koha item type VARIE
Dati di copia
Withdrawn status Lost status Source of classification or shelving scheme Damaged status Not for loan Home library Current library Date acquired Total Checkouts Full call number Date last seen Price effective from Koha item type
    Dewey Decimal Classification Buone Condizioni Not For Loan PAULUS-BIBLIOTECA PAULUS-BIBLIOTECA 15/03/2014   P D1 15/03/2014 15/03/2014 VARIE
CREDITS: SOCIETA' SAN PAOLO Via A.Severo, 58 - ROMA (RM) & PERIODICI SAN PAOLO SRL Via Giotto, 36 MILANO & CISF Via Giotto, 36 MILANO & EDIZIONI SAN PAOLO SRL,  Piazza Soncino, 5 CINISELLO BALSAMO (MI) -- ITALY